| 000 -LEADER |
| fixed length control field |
00646cam a22002054a 4500 |
| 020 ## - INTERNATIONAL STANDARD BOOK NUMBER |
| ISBN |
1578511364 |
| 040 ## - CATALOGING SOURCE |
| Transcribing agency |
DLC |
| 082 00 - DEWEY DECIMAL CLASSIFICATION NUMBER |
| Classification number |
658 HAR 2001 A113 Or. |
| 100 1# - MAIN ENTRY--AUTHOR NAME |
| Personal name |
Becker, Brian E. |
| 245 14 - TITLE STATEMENT |
| Title |
The HR scorecard : |
| Remainder of title |
linking people, strategy, and performance / |
| 260 ## - PUBLICATION, DISTRIBUTION, ETC. (IMPRINT) |
| Place of publication |
Boston, MA : |
| Name of publisher |
Harvard Business School Press, |
| Year of publication |
c2001. |
| 300 ## - PHYSICAL DESCRIPTION |
| Number of Pages |
xiii, 235 p. : |
| Other physical details |
ill. ; |
| Dimensions |
25 cm. |
| 650 #0 - SUBJECT ADDED ENTRY--TOPICAL TERM |
| Topical Term |
Organizational effectiveness |
| 650 #0 - SUBJECT ADDED ENTRY--TOPICAL TERM |
| Topical Term |
Industrial management. |
| 650 #0 - SUBJECT ADDED ENTRY--TOPICAL TERM |
| Topical Term |
Human capital. |
| 700 1# - ADDED ENTRY--PERSONAL NAME |
| Personal name |
Huselid, Mark A., |
| 700 1# - ADDED ENTRY--PERSONAL NAME |
| Personal name |
Ulrich, David, |
| 856 42 - ELECTRONIC LOCATION AND ACCESS |
| Uniform Resource Identifier |
http://www.loc.gov/catdir/enhancements/fy1311/00053945-d.html |
| 942 ## - ADDED ENTRY ELEMENTS (KOHA) |
| Koha item type |
សៀវភៅភាសាអង់គ្លេស |
| 952 ## - LOCATION AND ITEM INFORMATION (KOHA) |
| Withdrawn status [LOCAL, KOHA] |
0 |